| 000 | 00702nam a2200241Ia 4500 | ||
|---|---|---|---|
| 003 | OSt | ||
| 005 | 20220927110510.0 | ||
| 006 | a|||||r|||| 00| 0 | ||
| 007 | ta | ||
| 008 | 220926b |||||||| |||| 00| 0 eng d | ||
| 024 | _a94854 | ||
| 037 | _cReports | ||
| 040 |
_aRTL _cRTL _beng |
||
| 041 |
_2eng _aeng |
||
| 082 | _a"X9(F55):731.27.N6t4, K3" | ||
| 110 | _aNational Council Of Applied Economic Research (New Delhi) | ||
| 245 | 0 | _aDemand for energy in Eastern India | |
| 260 | _c1963 | ||
| 650 | _aFuel | ||
| 700 | _aNational Council Of Applied Economic Research (New Delhi) | ||
| 942 |
_h"X9(F55):731.27.N6t4, K3" _cCC |
||
| 999 |
_c697056 _d697056 |
||